Biblioteca

Cambios de la idea de Dios en las religiones y culturas no occidentales (Registro nro. 69775)

Detalles MARC
000 -LÍDER
Campo fijo de descripción fija 01651nab a2200229 i 4500
001 - NÚMERO DE CONTROL
Campo de control 768714001
003 - IDENTIFICADOR DEL NÚMERO DE CONTROL
Campo de control CO-MdFUSB
005 - FECHA Y HORA DE LA ULTIMA TRANSACCIÓN
control field 20240517124124.0
008 - ELEMENTOS DE LONGITUD FIJA -- INFORMACIÓN GENERAL
Campo fijo de descripción fija -- Información general 240517t1972 sp ||||| |||| 00| 0 spa d
040 ## - FUENTE DE CATALOGACIÓN
Idioma de catalogación spa
Agencia que realiza la transcripción CO-MdFUSB
Agencia que realiza la modificación CO-MdFUSB
041 ## - CÓDIGO DE IDIOMA
Código de idioma para texto/pista de sonido o título separado spa
100 ## - ASIENTO PRINCIPAL--NOMBRE PERSONAL
Nombre personal Kamstra, Jacques H.,
Término relacionador autor
245 ## - TÍTULO
Título Cambios de la idea de Dios en las religiones y culturas no occidentales
Mención de responsabilidad / Jacques Kamstra ; traducido por G. A. Gutiérrez
520 ## - NOTA DE RESUMEN, ETC.
Nota de sumario, etc. El hecho de que en muchos pueblos esté cambiando actualmente el concepto de Dios no se debe a la moderna ciencia de la religión, ya que ésta carece prácticamente de influencia. Se debe, sobre todo, a su contacto con Occidente. En algunas culturas, el concepto de Dios cambia de golpe o es incluso sustituido; en otras, este cambio se lleva a cabo gradualmente. Para podernos hacer una idea cabal del fenómeno habremos de partir de cuatro tipos de religión, en cada uno de los cuales el cambio se realiza de modo totalmente distinto. Estos tipos muestran que en un caso es la cultura, en otros son sólo determinados factores religiosos los que contribuyen a forjar una diferente idea de Dios. Estos cuatro tipos son: religiones tribales, nacionales, universa les y personales.
650 #7 - ASIENTO SECUNDARIO DE MATERIA - TERMINO TEMÁTICO
Término temático o nombre geográfico como elemento de entrada Dios
9 (RLIN) 178
650 #7 - ASIENTO SECUNDARIO DE MATERIA - TERMINO TEMÁTICO
Término temático o nombre geográfico como elemento de entrada Religión y cultura
9 (RLIN) 388
650 #0 - ASIENTO SECUNDARIO DE MATERIA - TERMINO TEMÁTICO
Término temático o nombre geográfico como elemento de entrada Cristianismo y otras religiones
9 (RLIN) 1247
700 ## - ENTR. SECUNDARIA - Nombre Personal (R)
Nombre de persona Gutiérrez, G. A.,
Término indicativo de función traductor
773 0# - ASIENTO DE ITEM FUENTE
Biblionumber 49450
Itemnumber 82644
Otro identificador del ítem R2566
Título Revista internacional de teología Concilium
Número de control del registro (CO-MdFUSB)8
Número Internacional Normalizado para Publicaciones Seriadas (ISSN) 0210-1041
Parte(s) relacionada(s) / Volumen., número. (mes año), páginas Número 76, (junio, 1972), páginas: 434 - 442
Enumeración y primera página página: 434
942 ## - TIPO DE MATERIAL (KOHA)
Tipo de Item KOHA Artículos de Revista
945 ## - INFORMACIÓN LOCAL DEL REGISTRO
Catalogador Catherine Arias Alvarez - Practicante SENA

No hay ítems disponibles.

Biblioteca FUSBC | Teléfono: (57+4) 349 88 10 Ext. 141| WhatsApp (+57) 3005338115 
E-mail: biblioteca@unisbc.edu.co | Calle 76 87-14 Robledo Palenque, Medellín, Colombia

Con tecnología Koha